<?xml version="1.0" encoding="UTF-8"?>
<record
    xmlns:xsi="http://www.w3.org/2001/XMLSchema-instance"
    xsi:schemaLocation="http://www.loc.gov/MARC21/slim http://www.loc.gov/standards/marcxml/schema/MARC21slim.xsd"
    xmlns="http://www.loc.gov/MARC21/slim">

  <leader>01962    a2200193   4500</leader>
  <controlfield tag="001">53134</controlfield>
  <controlfield tag="005">20260407155805.0</controlfield>
  <controlfield tag="008">260407a1963    arg                 spa d</controlfield>
  <controlfield tag="003">AR-UNSa-BCEJYS</controlfield>
  <datafield tag="040" ind1=" " ind2=" ">
    <subfield code="a">AR-UNSa-BCEJYS</subfield>
    <subfield code="b">spa</subfield>
    <subfield code="c">AR-UNSa-BCEJYS</subfield>
  </datafield>
  <datafield tag="080" ind1=" " ind2=" ">
    <subfield code="a">331</subfield>
    <subfield code="x">Trabajo. Empleo. Organizaci&#xF3;n del trabajo</subfield>
  </datafield>
  <datafield tag="245" ind1="1" ind2="0">
    <subfield code="a">La ciencia del trabajo</subfield>
  </datafield>
  <datafield tag="264" ind1=" " ind2="1">
    <subfield code="a">Madrid :</subfield>
    <subfield code="b">Ediciones Rialp</subfield>
    <subfield code="c">1963</subfield>
  </datafield>
  <datafield tag="300" ind1=" " ind2=" ">
    <subfield code="a">520 p.</subfield>
    <subfield code="c">24 cm.</subfield>
  </datafield>
  <datafield tag="505" ind1=" " ind2=" ">
    <subfield code="a">Parte I. El estudio del trabajo: 1. Sistem&#xE1;tica de la ciencia del trabajo - 2. La historia de la ciencia del trabajo  - 3. Metodolog&#xED;a de la ciencia ergol&#xF3;gica - 4. La bibliograf&#xED;a de la ciencia del trabajo &#x2013; Parte II. Condiciones y presupuestos del rendimiento del trabajo: - 5. Condiciones geogr&#xE1;ficas y clim&#xE1;ticas del trabajo - 6. Presupuestos humanos (Etnogr&#xE1;ficos y antropol&#xF3;gicos) del rendimiento del trabajo - 7. Supuestos jur&#xED;dicos, &#xE9;ticos e hist&#xF3;ricos del rendimiento - 8. Condiciones t&#xE9;cnicas, econ&#xF3;micas y sociales del trabajo &#x2013; Parte III. La biolog&#xED;a del trabajo: - 9. La fisiolog&#xED;a del trabajo - 10. La higiene del trabajo - 11. La psicolog&#xED;a del trabajo - 12. La pedagog&#xED;a del trabajo &#x2013; Parte IV. La t&#xE9;cnica del trabajo: - 13. Los medios de trabajo - 14. El procedimiento del trabajo - 15. El recorrido y los movimientos del trabajo - 16. El tiempo del trabajo y su determinaci&#xF3;n &#x2013;Parte V. la organizaci&#xF3;n del trabajo: 17. Contenidos y principios de la direcci&#xF3;n del trabajo - 18. La estructuraci&#xF3;n de la empresa - 19. El planeamiento del trabajo - 20. Control y c&#xF3;mputo del trabajo &#x2013; Parte VI. La valorizaci&#xF3;n del trabajo: 21. El producto del trabajo  -22. La retribuci&#xF3;n del trabajo - 23. La valoraci&#xF3;n del trabajo - 24. Efectos del trabajo &#x2013; Parte VII. Problemas del trabajo: 25. Obst&#xE1;culos de la configuraci&#xF3;n del trabajo - 26. Problemas actuales de la ciencia del trabajo</subfield>
  </datafield>
  <datafield tag="942" ind1=" " ind2=" ">
    <subfield code="c">BK</subfield>
  </datafield>
  <datafield tag="590" ind1=" " ind2=" ">
    <subfield code="a">niveau_biblio:m niveau_hierar:0</subfield>
  </datafield>
  <datafield tag="100" ind1="1" ind2=" ">
    <subfield code="a">Hilf, Hubert Hugo</subfield>
  </datafield>
  <datafield tag="999" ind1=" " ind2=" ">
    <subfield code="c">5113</subfield>
    <subfield code="d">5113</subfield>
  </datafield>
  <datafield tag="952" ind1=" " ind2=" ">
    <subfield code="0">0</subfield>
    <subfield code="1">0</subfield>
    <subfield code="4">0</subfield>
    <subfield code="7">0</subfield>
    <subfield code="a">BCEJYS</subfield>
    <subfield code="b">BCEJYS</subfield>
    <subfield code="c">16</subfield>
    <subfield code="d">2026-04-07</subfield>
    <subfield code="l">0</subfield>
    <subfield code="o">331 H641</subfield>
    <subfield code="p">L21109</subfield>
    <subfield code="r">2026-04-07 15:58:05</subfield>
    <subfield code="w">2026-04-07</subfield>
    <subfield code="y">L</subfield>
  </datafield>
</record>
